[Event "Fast 1800+ Standard"]
[Site "SchemingMind.com"]
[Date "2006.03.20"]
[Round "-"]
[White "harmy"]
[Black "Duncan"]
[Result "1-0"]
[WhiteCountry "USA"]
[BlackCountry "PHI"]
[WhiteElo "1801"]
[WhiteRD "81"]
[BlackElo "1745"]
[BlackRD "104"]
[GameID "43455"]

1. d4 Nf6 2. c4 e6 3. Nc3 Bb4 4. a3 Bxc3+ 5. bxc3 b6 6. e3 Bb7 7. Nf3 O-O 8. Bd3 Ne4 9. O-O f5 10. Bxe4 Bxe4
11. Ne5 d6 12. Nd3 Nd7 13. Nf4 Qe7 14. d5 Nc5 15. f3 g5 16. Nxe6 Bd3 17. Re1 Nxe6 18. Qxd3 Nc5 19. Qc2 Rae8 20. a4 a5
21. Ba3 Nd7 22. e4 f4 23. Ra2 Ne5 24. c5 dxc5 25. c4 Rf7 26. Bb2 Qd6 27. Qb3 h5 28. Qb5 Ree7 29. Ra3
1-0